Thermal vibrations in crystallography (Record no. 28110)

MARC details
000 -LEADER
fixed length control field 00314nam a2200121Ia 4500
082 ## - DEWEY DECIMAL CLASSIFICATION NUMBER
Classification number 548
Item number WIL
100 ## - MAIN ENTRY--AUTHOR NAME
Personal name Pryor, A W
245 #0 - TITLE STATEMENT
Title Thermal vibrations in crystallography
260 ## - PUBLICATION, DISTRIBUTION, ETC. (IMPRINT)
Place of publication London
Name of publisher Cambridge University
Year of publication 1975
700 ## - ADDED ENTRY--PERSONAL NAME
Personal name Wills, B T M
942 ## - ADDED ENTRY ELEMENTS (KOHA)
Koha item type Books
Holdings
Withdrawn status Lost status Damaged status Not for loan Home library Current library Date acquired Cost, normal purchase price Full call number Accession Number Koha item type
        RRII Library RRII Library 16/12/2021 10.00 548 WIL 08718 Books